| 000 | 00315 a2200133 4500 | ||
|---|---|---|---|
| 003 | Nust | ||
| 005 | 20170207154234.0 | ||
| 040 | _cNust | ||
| 082 | _a050 | ||
| 100 | _aLt Gen Zia Tauqir | ||
| 245 |
_aPakistan Army Journal Winter 2001 (Vol. XLIV) _cLt Gen Tauqir Zia |
||
| 260 |
_aRawalpindi _bIGT&E BGH _c2001 |
||
| 300 | _a94p; | ||
| 942 | _cMAGS | ||
| 999 |
_c196036 _d196036 |
||